Best goalscorers Jupiler Pro League - Statistics

General Stats
  • This quiz has been taken 342 times
    336 since last reset
  • The average score is 9 of 32
Answer Stats
Hint Answer Country Club Goals % Correct
2012-2013 Carlos Bacca Colombia Club Brugge 25
67%
2009-2010 Romelu Lukaku Belgium Anderlecht 15
65%
2013-2014 Hamdi Harbaoui Tunisia Lokeren 22
63%
2010-2011 Ivan Perisic Croatia Club Brugge 22
56%
2001-2002 Wesley Sonck Belgium Genk 30
56%
Wesley Sonck Belgium Genk 22
56%
2011-2012 Jérémy Perbet France RAEC Mons 27
55%
1998-1999 Jan Köller Czech Repuclic Lokeren 24
37%
2000-2001 Tomasz Radzinski Canada Anderlecht 23
37%
1997-1998 Branko Strupar Croatia Genk 22
36%
1991-1992 Josip Weber Croatia Cercle Brugge 26
28%
1992-1993 Josip Weber Croatia Cercle Brugge 31
28%
1993-1994 Josip Weber Belgium Cercle Brugge 31
28%
2006-2007 François Sterchele Belgium Germinal Beerschot 21
26%
1985-1986 Erwin Vandenbergh Belgium Anderlecht 27
25%
1990-1991 Erwin Vandenbergh Belgium AA Gent 23
25%
2004-2005 Nenad Jestrovic Serbia Anderlecht 18
24%
2007-2008 Joseph Akpala Nigeria Charleroi 18
22%
2003-2004 Luigi Pieroni Belgium Mouscron 28
17%
2008-2009 Jaime Alfonso Ruiz Colombia Westerlo 18
16%
1986-1987 Arnor Gudjohnsen Iceland Anderlecht 19
15%
1996-1997 Robert Spehar Croatia Club Brugge 26
15%
1995-1996 Mario Stanic Croatia Club Brugge 20
14%
Toni Brogno Belgium Westerlo 30
14%
1994-1995 Aurelio Vidmar Australia Standard 22
13%
1999-2000 Ole-Martin Aarst Norway AA Gent 30
13%
2002-2003 Cédric Roussel Belgium RAEC Mons 22
12%
2005-2006 Tosin Dosunmu Nigeria Germinal Beerschot 18
11%
1989-1990 Frank Farina Australia Club Brugge 24
7%
1987-1988 Francis Severyns Belgium Antwerp 24
6%
1984-1985 Ronny Martens Belgium AA Gent 23
4%
1988-1989 Edi Krncevic Australia Anderlecht 23
3%
No matching quizzes found
Score Distribution
Percent of People with Each Score
Percentile by Number Answered
Your Score History
You have not taken this quiz since the last reset